| 000 | 00687nam a2200205 a 4500 | ||
|---|---|---|---|
| 001 | 000039956 | ||
| 005 | 20201002033830.0 | ||
| 008 | 130731s1987 sp 000 0 spa d | ||
| 020 | _a8432078913 | ||
| 040 |
_aDO-SdBNP _bspa _cBNPHU |
||
| 082 | _axxx | ||
| 100 | 1 |
_aScharff, Edward E. _966173 |
|
| 240 | 1 | 0 |
_aWorldly power. The mahing of the Wall Street Journal _lespañol |
| 245 | 1 | 4 |
_aUna gran potencia mundial, The Wall Street Journal / _cEdward E. Scharff /María del Mar Moya. |
| 260 |
_aBarcelona : _bPlaneta, _c1987. |
||
| 300 |
_a311 p. ; _c21 cm. |
||
| 490 | 1 | _aLa sociedad económica | |
| 700 | 1 |
_aMoya, María del Mar, _etr. _966174 |
|
| 830 | 0 |
_aLa sociedad económica _950656 |
|
| 999 |
_c39446 _d39446 |
||